Teoría de la educación
Saved in:
| Hovedforfatter: | |
|---|---|
| Format: | Bog |
| Sprog: | spansk |
| Udgivet: |
Ciudad de México
Trillas
1990
|
| Udgivelse: | 3a. ed |
| Fag: | |
| Tags: |
Tilføj Tag
Ingen Tags, Vær først til at tagge denne postø!
|
MARC
| LEADER | 00000nam a2200000 a 4500 | ||
|---|---|---|---|
| 001 | UCG4519 | ||
| 003 | CL-VaPUC | ||
| 008 | 101111e19900000MX |||||||||||||||||spa|d | ||
| 020 | |a 9682410223 | ||
| 082 | 0 | 4 | |a 370.1 |b FER |2 21 |
| 100 | |a Fermoso Estébanez, Paciano |e author |9 307738 | ||
| 245 | 1 | 0 | |a Teoría de la educación |
| 250 | |a 3a. ed | ||
| 300 | |a 506 p | ||
| 942 | |c BK | ||
| 945 | |d 20101111 00:00:00 |a mfarfan | ||
| 260 | |a Ciudad de México |b Trillas |c 1990 | ||
| 650 | 0 | |a Filosofía de la educación |9 258384 | |
| 583 | |a last modification |c 20101111 00:00:00 |k Rodrigo Vera | ||
| 999 | |c 343221 |d 343219 | ||
| 952 | |0 0 |1 0 |4 0 |6 370_100000000000000_FER_1990 |7 0 |8 A |9 440336 |a BIBEDU |b BIBEDU |d 2019-11-22 |i 4732359 |l 1 |o 370.1 FER 1990 |p 4732359 |r 2021-11-29 |s 2021-07-08 |w 2019-11-22 |y BK |k EPE | ||